Histoire de France 100 questions de dates progressives - Statistiques

Statistiques générales
  • Ce quiz a été pris 325 fois
  • Le résultat moyen est 17 sur 100
Statistiques - réponses
% Question Réponse % Correct
1 Charles Martel bat les Musulmans à Poitiers 732
99%
2 Charlemagne est couronné empereur 800
98%
3 Bataille de Marignan 1515
96%
4 Début de la 1ère Guerre mondiale 1914
96%
5 Début de la 2e Guerre mondiale 1939
96%
6 Hugues Capet prend le pouvoir 987
75%
8 Début de la Révolution française 1789
66%
7 Victoire de Bouvines 1214
65%
9 Fin du Second empire 1870
64%
10 Libération d'Orléans par Jeanne d'Arc 1429
61%
11 Massacre de la St Barthélémy 1572
60%
12 Année célèbre pour son mois de mai 1968
40%
13 François Mitterrand est élu président de la Répunliqiue 1981
40%
14 Défaite de Crécy 1346
37%
15 Proclamation de la République pour la 1ère fois en France 1792
37%
16 Exécution de Jeanne d'Arc 1431
36%
17 Promulgation de l'Edit de Nantes 1598
36%
18 Abolition de l'Ordre des Templiers en France 1314
27%
19 Début de la Ve République 1958
27%
20 Fondation de l'Académie Française 1635
26%
21 Charlemagne a été couronné empereur en... 800
26%
22 Prise de Jérusalem par les Croisés 1099
25%
23 Naissance de Louis XIV 1638
25%
24 Début de la guerre d'Algérie 1954
25%
26 Adoption de la déclaration des droits de l'homme et du citoyen 1789
24%
25 Jacques Chirac est élu président de la République 1995
24%
27 Peste de Marseille 1720
22%
28 La France achète la Corse 1768
22%
29 Mort de Louis XV 1774
22%
31 Mort de Louis XVII 1795
21%
30 Signature des accords d'Evian 1962
21%
32 Défaite de Poitiers 1356
19%
33 Victoire de Rivoli 1797
18%
38 Victoire des Pyramides 1798
18%
37 Prise d'Alger par les armées françaises 1830
18%
34 Coup d'Etat du 2 décembre de Napoléon III 1851
18%
35 Loi sur l'école primaire obligatoire 1882
18%
36 Loi sur la séparation des églises et de l'Etat 1905
18%
48 Guillaume le Conquérant conquiert l'Angleterre 1066
3%
51 Défaite d'Azincourt 1415
3%
45 Début de l'Affaire Dreyfus 1594
3%
50 Victoire de Rocroi 1643
3%
69 Traité de Westphalie 1648
3%
49 Traité des Pyrénées 1659
3%
53 La France accorde son aide aux indépendantistes américains 1776
3%
71 Louis XVI et sa famille tentent de fuir la France 1791
3%
42 Exécution de Louis XVI 1793
3%
67 Coup d'Etat du 18 brumaire 1799
3%
44 Napoléon 1er devient empereur 1804
3%
43 Napoléon est à Moscou 1812
3%
52 Restauration par Louis XVIII de la Monarchie 1814
3%
46 Fin de la Monarchie de Juillet 1848
3%
40 Fin de la Guerre de Crimée 1856
3%
70 Mort de Victor Hugo 1885
3%
68 Construction de la Tour Eiffel 1889
3%
41 1ers Jeux Olympiques de Paris 1900
3%
72 Bataille de Verdun 1916
3%
39 Victoire de Lens 1948
3%
47 Valéry Giscard d'Estaing est élu président de la République 1974
3%
82 Bataille de Castillon, fin de la guerre de 100 ans 1453
2%
90 Début du règne de Louis XI 1461
2%
56 La Bretagne est unie à la France 1532
2%
74 Ordonnance de Villers-Cotterêts, le français devient la langue officielle du royaume 1539
2%
58 Mariage de Henri IV et Marie de Médicis 1600
2%
64 Abrogation de l'Edit de Nantes 1685
2%
57 Mort de Louis XIV 1715
2%
81 Vote de la constitution civile du Clergé 1790
2%
66 Exécution de Robespierre 1794
2%
73 Création de la Banque de France 1800
2%
59 Début de l'exil de Napoléon à l'île d'Elbe 1814
2%
65 Assassinat du duc de Berry, neveu du roi Louis XVIII 1820
2%
75 Loi Guizot sur l'enseignement primaire 1833
2%
94 Tentative de coup d'Etat de Louis Napoléon Bonaparte à Boulogne 1840
2%
55 Début du Second empire 1852
2%
54 Rattachement de Nice et de la Savoie 1860
2%
83 Condamnation de Dreyfus 1894
2%
78 Signature de l'Entente cordiale avec le Royaume-Uni 1904
2%
87 Réhabilitation de Dreyfus 1906
2%
88 Le service militaire est porté à 3 ans au lieu de 2 1913
2%
80 Les soldats français reçoivent le casque Adrian 1915
2%
77 Signature du Traité de Versailles 1919
2%
76 Jeux Olympiques de Chamonix 1924
2%
79 Assassinat du président Paul Doumer 1932
2%
60 Front populaire 1936
2%
84 Accords de Munich 1938
2%
89 Débarquement américain en Afrique du Nord 1942
2%
86 Mort de Jean Moulin 1943
2%
91 Création du SMIG, ancêtre du SMIC 1950
2%
93 Traité de Rome 1957
2%
61 Nicolas Sarkozy est élu président de la République 2007
2%
85 François Hollande est élu président de la République 2012
2%
63 Mérovée bat Attila 451
2%
62 Partage de Verdun 843
2%
92 Rollon fonde le duché de Normandie 911
2%
97 1ère convocation des Etats généraux en France 1302
1%
96 Le Dauphiné est vendu à la France 1349
1%
99 Mort de Molière 1673
1%
98 Inauguration de la ligne de chemin de fer Paris-Orléans, Paris-Rouen 1843
1%
95 Edith Cresson devient premier ministre 1990
1%
100 Fondation de l'ordre de Cluny 909
1%
Aucun quiz correspondant
Distribution des résultats
% des personnes avec chaque résultat
Percentile par nombre de réponses
Votre historique - résultats
Vous n’avez pas pris ce quiz